000 00770nam a2200217Ii 4500
003 JO-AjNU
008 230605s9999||||xx |||||||||||||| ||und||
017 _a2008/9/3237
040 _aJO-AjNU
_bara
_erda
_cJO-AjNU
041 _aara
050 1 4 _aHD69.P75.U7298.2009
100 3 _aالعتيبي،ضرار/ابراهيم ابو سعده/علي زهران,
_eauthor
_933188
245 0 0 _aالمشروعات الصناعية :ادارة المواد
250 _aط العربية
264 3 1 _aعمان:دار اليازوري العلمية للنشر والتوزيع،2009
300 _a272ص
336 _atext
_btxt
_2rdacontent
337 _aunmediated
_bn
_2rdamedia
338 _avolume
_bnc
_2rdacarrier
650 4 _aادارة المشتريات
_933189
999 _aA13482
_c17050
_d17050